[Event "GRE CupT 43rd"]
[Site "Loutraki"]
[Date "2025.07.06"]
[Round "2.1"]
[White "Kasioumis, Vasilios"]
[Black "Koutlas, Nikolaos"]
[Result "1-0"]
[WhiteElo "2339"]
[BlackElo "2347"]
[PlyCount "89"]
[EventDate "2025.07.05"]
[EventType "team-k.o."]
[EventRounds "2"]
[EventCountry "GRE"]
[SourceTitle "CB28_2025"]
[SourceDate "2025.07.09"]
[SourceVersion "1"]
[SourceVersionDate "2025.07.09"]
[SourceQuality "1"]
[WhiteTeam "Piraikos OS"]
[BlackTeam "Kavalas"]
[WhiteTeamCountry "GRE"]
[BlackTeamCountry "GRE"]

1. e4 c5 2. Nf3 d6 3. d4 cxd4 4. Nxd4 Nf6 5. Nc3 a6 6. h3 e5 7. Nb3 Be7 8. g4 h6 9. Be3 b5 10. a4 bxa4 11. Rxa4 Bd7 12. Ra2 a5 13. Nd5 Nxd5 14. exd5 a4 15. Nd2 Qa5 16. Qf3 Na6 17. c3 Nc7 18. Bg2 Bb5 19. Qe4 0-0 20. b4 Qa6 21. c4 Bd7 22. Qb1 Rab8 23. 0-0 f5 24. gxf5 Bxf5 25. Qb2 Qc8 26. Kh2 Bg5 27. Rxa4 Bd3 28. Rg1 Bf4+ 29. Kh1 Bxe3 30. fxe3 Rf2 31. Qc3 Rxg2 32. Kxg2 Qf5 33. Ra3 Be4+ 34. Nxe4 Qxe4+ 35. Kh2 Rf8 36. Ra2 Rf3 37. Rg3 Rxg3 38. Kxg3 Qh1 39. Rh2 Qg1+ 40. Rg2 Qh1 41. b5 Ne8 42. Qd3 Nf6 43. Qg6 h5 44. Kh4 Qe1+ 45. Rg3 1-0

[Event "GRE CupT 43rd"]
[Site "Loutraki"]
[Date "2025.07.05"]
[Round "1.4"]
[White "Koutlas, Nikolaos"]
[Black "Deligiannis, Christos Nikolaos"]
[Result "1-0"]
[WhiteElo "2347"]
[BlackElo "2009"]
[PlyCount "71"]
[EventDate "2025.07.05"]
[EventType "team-k.o."]
[EventRounds "2"]
[EventCountry "GRE"]
[SourceTitle "CB28_2025"]
[SourceDate "2025.07.09"]
[SourceVersion "1"]
[SourceVersionDate "2025.07.09"]
[SourceQuality "1"]
[WhiteTeam "Kavalas"]
[BlackTeam "Neas Filadelfeias"]
[WhiteTeamCountry "GRE"]
[BlackTeamCountry "GRE"]

1. c4 e6 2. g3 d5 3. Bg2 Nf6 4. Nf3 Bd6 5. 0-0 0-0 6. d4 Nc6 7. a3 dxc4 8. Nbd2 Rb8 9. Nxc4 b5 10. Nxd6 cxd6 11. Bg5 h6 12. Bh4 Ne7 13. Bxf6 gxf6 14. Nh4 Bb7 15. Bxb7 Rxb7 16. e3 f5 17. d5 e5 18. Qh5 Kg7 19. Nxf5+ Nxf5 20. Qxf5 Qc8 21. Qd3 a6 22. Rfc1 Rc7 23. Qd1 Rc5 24. b4 Rc3 25. Qd2 Rc4 26. Rxc4 bxc4 27. Rc1 Qc7 28. Qe2 Rc8 29. Qg4+ Kh7 30. Rc3 a5 31. h4 axb4 32. axb4 Kh8 33. Qh5 Kg7 34. Qf5 Qb7 35. Qg4+ Kf6 36. Rxc4 1-0

[Event "GRE-chT 52nd"]
[Site "Loutraki"]
[Date "2025.06.28"]
[Round "1.18"]
[White "Tsamtsouris, Efthymios"]
[Black "Koutlas, Nikolaos"]
[Result "1/2-1/2"]
[WhiteElo "1981"]
[BlackElo "2347"]
[PlyCount "61"]
[EventDate "2025.06.28"]
[EventType "team-swiss"]
[EventRounds "7"]
[EventCountry "GRE"]
[SourceTitle "CB28_2025"]
[SourceDate "2025.07.09"]
[SourceVersion "1"]
[SourceVersionDate "2025.07.09"]
[SourceQuality "1"]
[WhiteTeam "Petralonon"]
[BlackTeam "Kavalas"]
[WhiteTeamCountry "GRE"]
[BlackTeamCountry "GRE"]

1. d4 d5 2. c4 e6 3. Nf3 c6 4. cxd5 exd5 5. Nc3 Bf5 6. Bg5 Be7 7. Bxe7 Qxe7 8. e3 Nf6 9. Be2 0-0 10. Ne5 Nbd7 11. Nxd7 Qxd7 12. 0-0 Rfe8 13. Rc1 Re6 14. Bd3 Ne4 15. Bxe4 Bxe4 16. Nxe4 dxe4 17. Qg4 Qd5 18. b3 b6 19. f3 exf3 20. Qxf3 Re4 21. Rxc6 f6 22. Rfc1 Rae8 23. Rc8 Qe6 24. Rxe8+ Qxe8 25. Rc8 Qxc8 26. Qxe4 Qc1+ 27. Kf2 Kf7 28. Qd5+ Kg6 29. Qe4+ Kf7 30. Qd5+ Kg6 31. Qe4+ 1/2-1/2

[Event "EU-ch 25th"]
[Site "Eforie Nord"]
[Date "2025.03.26"]
[Round "11"]
[White "Koutlas, Nikolaos"]
[Black "Maksimov, Oleg"]
[Result "1/2-1/2"]
[WhiteElo "2369"]
[BlackElo "2180"]
[PlyCount "51"]
[EventDate "2025.03.15"]
[EventType "swiss"]
[EventRounds "11"]
[EventCountry "ROU"]
[SourceTitle "CB13_2025"]
[SourceDate "2025.03.26"]
[SourceVersion "1"]
[SourceVersionDate "2025.03.26"]
[SourceQuality "1"]

1. d4 c5 2. d5 d6 3. e4 a6 4. a4 Nf6 5. Nc3 g6 6. h3 Bg7 7. Nf3 0-0 8. Be2 e6 9. 0-0 exd5 10. exd5 Re8 11. Bf4 Nbd7 12. Bxd6 Qb6 13. Bf4 Qxb2 14. Bd2 Ne4 15. Nxe4 Qxa1 16. Qxa1 Bxa1 17. Rxa1 Rxe4 18. Bd3 Re8 19. c4 b6 20. Bc3 Bb7 21. Rb1 b5 22. axb5 axb5 23. Rxb5 Ba6 24. Ra5 Bb7 25. Rb5 Ba6 26. Ra5 1/2-1/2

[Event "EU-ch 25th"]
[Site "Eforie Nord"]
[Date "2025.03.20"]
[Round "6"]
[White "Yalcinkaya, Efe"]
[Black "Koutlas, Nikolaos"]
[Result "0-1"]
[WhiteElo "2207"]
[BlackElo "2369"]
[PlyCount "112"]
[EventDate "2025.03.15"]
[EventType "swiss"]
[EventRounds "11"]
[EventCountry "ROU"]
[SourceTitle "CB13_2025"]
[SourceDate "2025.03.26"]
[SourceVersion "1"]
[SourceVersionDate "2025.03.26"]
[SourceQuality "1"]

1. e4 e5 2. Nf3 Nc6 3. Bb5 a6 4. Ba4 Nf6 5. 0-0 Be7 6. Re1 b5 7. Bb3 0-0 8. c3 d5 9. d4 Nxe4 10. dxe5 Be6 11. Nd4 Nxe5 12. f3 Bd6 13. fxe4 Bg4 14. Qd2 c5 15. Nf5 Bxf5 16. exf5 c4 17. Bc2 Bc5+ 18. Kh1 Re8 19. h3 Qh4 20. Qe2 h5 21. f6 gxf6 22. Bh6 Nd3 23. Qxe8+ Rxe8 24. Rxe8+ Kh7 25. b4 Bb6 26. Bf8 Qf4 27. Na3 Bc7 28. Bxd3+ cxd3 29. Kg1 Be5 30. Bc5 Qe4 31. Rf1 d2 32. Nb1 Qe2 33. Nxd2 Qxd2 34. Bd4 Bxd4+ 35. cxd4 Qxb4 36. Rc1 Qxd4+ 37. Kh1 b4 38. Rc7 Kg6 39. Rd7 Qa1+ 40. Kh2 Qxa2 41. Rb8 a5 42. Rb5 b3 43. Rdb7 a4 44. Rxd5 b2 45. Rdb5 a3 46. Rb3 Qxb3 47. Rxb3 a2 48. Rxb2 a1Q 49. Rb3 Qe5+ 50. Kh1 Qd5 51. Rc3 Kf5 52. Re3 Kf4 53. Rc3 Ke4 54. Rf3 Qd1+ 55. Kh2 Qxf3 56. gxf3+ Kxf3 0-1

[Event "EU-ch 25th"]
[Site "Eforie Nord"]
[Date "2025.03.18"]
[Round "4"]
[White "Baum, Jonasz"]
[Black "Koutlas, Nikolaos"]
[Result "1/2-1/2"]
[WhiteElo "2469"]
[BlackElo "2369"]
[PlyCount "132"]
[EventDate "2025.03.15"]
[EventType "swiss"]
[EventRounds "11"]
[EventCountry "ROU"]
[SourceTitle "CB13_2025"]
[SourceDate "2025.03.26"]
[SourceVersion "1"]
[SourceVersionDate "2025.03.26"]
[SourceQuality "1"]

1. d4 Nf6 2. c4 g6 3. Nc3 Bg7 4. e4 d6 5. Nf3 0-0 6. Be2 e5 7. 0-0 Bg4 8. d5 a5 9. h3 Bd7 10. c5 Na6 11. cxd6 cxd6 12. Be3 Nc5 13. Nd2 Rc8 14. a3 b5 15. b4 Nd3 16. Bxd3 Rxc3 17. Qe2 axb4 18. axb4 Nh5 19. Bxb5 Nf4 20. Bxf4 Bxb5 21. Qxb5 exf4 22. Rac1 Ra3 23. Nf3 Qb8 24. Qc4 Ra4 25. Rb1 Rc8 26. Qb3 Qb5 27. Rfc1 Rxc1+ 28. Rxc1 Rxb4 29. Qc2 Bf6 30. Qc6 Rb1 31. Rxb1 Qxb1+ 32. Kh2 Qxe4 33. Qxd6 Kg7 34. Qc5 Qf5 35. Nd4 Qd3 36. Nf3 Qf5 37. Qc4 g5 38. Nd4 Bxd4 39. Qxd4+ Qf6 40. Qd3 Qd6 41. f3 h6 42. Qf5 Qf6 43. Qd7 h5 44. d6 g4 45. fxg4 f3 46. gxf3 Qf4+ 47. Kg2 h4 48. Qe7 Qg3+ 49. Kf1 Qxf3+ 50. Ke1 Qg3+ 51. Kd2 Qh2+ 52. Kd1 Qh1+ 53. Qe1 Qxh3 54. Qe5+ Kg6 55. Qf5+ Kg7 56. d7 Qb3+ 57. Ke2 Qb2+ 58. Kf1 Qc1+ 59. Ke2 Qb2+ 60. Kd3 Qb3+ 61. Kd4 Qb4+ 62. Kd5 Qb5+ 63. Ke4 Qb4+ 64. Ke3 Qb6+ 65. Kf4 Qd4+ 66. Kf3 Kf8 1/2-1/2

[Event "EU-ch 25th"]
[Site "Eforie Nord"]
[Date "2025.03.16"]
[Round "2"]
[White "Boyer, Mahel"]
[Black "Koutlas, Nikolaos"]
[Result "1-0"]
[WhiteElo "2529"]
[BlackElo "2369"]
[PlyCount "85"]
[EventDate "2025.03.15"]
[EventType "swiss"]
[EventRounds "11"]
[EventCountry "ROU"]
[SourceTitle "CB13_2025"]
[SourceDate "2025.03.26"]
[SourceVersion "1"]
[SourceVersionDate "2025.03.26"]
[SourceQuality "1"]

1. Nf3 Nf6 2. b3 g6 3. Bb2 Bg7 4. g3 0-0 5. Bg2 d6 6. d4 b5 7. Na3 b4 8. Nc4 Bb7 9. a3 a5 10. 0-0 Nbd7 11. axb4 axb4 12. Qd2 c5 13. dxc5 dxc5 14. Rxa8 Bxa8 15. Rd1 Qc7 16. Nfe5 Nxe5 17. Nxe5 Qb6 18. Bxa8 Rxa8 19. Nxf7 Ra2 20. Bxf6 Qxf6 21. Ng5 Qd4 22. Qc1 Qe5 23. Rd8+ Bf8 24. Qf4 Qxf4 25. gxf4 Rxc2 26. Ne6 Kf7 27. Ng5+ Kg8 28. Ne6 Kf7 29. Nxf8 c4 30. Nd7 cxb3 31. Ne5+ Ke6 32. Rd1 Rxe2 33. Rb1 Kd5 34. Rxb3 Re4 35. Kg2 g5 36. Rd3+ Kc5 37. Rd7 gxf4 38. Nd3+ Kc4 39. Kf3 Re6 40. Nxf4 Re5 41. Rc7+ Kd4 42. Rb7 Kc4 43. Rxb4+ 1-0

[Event "Thessaloniki Vardaris op 8th"]
[Site "Thessaloniki"]
[Date "2025.03.02"]
[Round "6"]
[White "Koutlas, Nikolaos"]
[Black "Kesidis, Odyseas"]
[Result "1-0"]
[WhiteElo "2369"]
[BlackElo "2220"]
[PlyCount "121"]
[EventDate "2025.02.27"]
[EventType "swiss"]
[EventRounds "7"]
[EventCountry "GRE"]
[SourceTitle "CB10_2025"]
[SourceDate "2025.03.05"]
[SourceVersion "1"]
[SourceVersionDate "2025.03.05"]
[SourceQuality "1"]

1. c4 e5 2. d3 Be7 3. Nc3 d6 4. g3 f5 5. Bg2 Nf6 6. Nf3 0-0 7. 0-0 a5 8. Rb1 Qe8 9. a3 a4 10. d4 e4 11. Ne1 Bd7 12. f3 Nc6 13. Nc2 Qg6 14. Ne3 f4 15. gxf4 exf3 16. Rxf3 Nh5 17. Ned5 Bg4 18. Rd3 Bf6 19. Kh1 Rae8 20. Be3 Bf5 21. Bg1 Bxd3 22. Qxd3 Qxd3 23. exd3 Bd8 24. Rf1 Ne7 25. Nxe7+ Rxe7 26. Bxb7 Nxf4 27. Be4 g5 28. Nxa4 Kg7 29. Nc3 Ref7 30. Be3 h5 31. a4 Nh3 32. Rxf7+ Rxf7 33. Kg2 g4 34. a5 c6 35. b4 h4 36. Nd1 c5 37. bxc5 dxc5 38. a6 Bb6 39. dxc5 Ba7 40. Nc3 Nf4+ 41. Bxf4 Rxf4 42. Nb5 Bxc5 43. d4 Rxe4 44. dxc5 Re2+ 45. Kg1 Ra2 46. c6 Ra1+ 47. Kg2 Ra2+ 48. Kf1 Ra1+ 49. Ke2 g3 50. hxg3 h3 51. c7 h2 52. c8Q h1Q 53. Qb7+ Kf6 54. Qxh1 Rxh1 55. a7 Ra1 56. c5 Ke7 57. c6 Kd8 58. Kd3 Ke7 59. Kd4 Kd8 60. Kc5 Kc8 61. Kb6 1-0

[Event "Thessaloniki Vardaris op 8th"]
[Site "Thessaloniki"]
[Date "2025.03.01"]
[Round "3"]
[White "Koutlas, Nikolaos"]
[Black "Kyparissopoulos, Spyridon"]
[Result "1-0"]
[WhiteElo "2369"]
[BlackElo "1962"]
[PlyCount "71"]
[EventDate "2025.02.27"]
[EventType "swiss"]
[EventRounds "7"]
[EventCountry "GRE"]
[SourceTitle "CB10_2025"]
[SourceDate "2025.03.05"]
[SourceVersion "1"]
[SourceVersionDate "2025.03.05"]
[SourceQuality "1"]

1. e4 e6 2. d4 d5 3. exd5 exd5 4. Nf3 Nf6 5. c4 Bb4+ 6. Nc3 0-0 7. Be2 dxc4 8. Bxc4 Re8+ 9. Be3 Be6 10. Bxe6 Rxe6 11. 0-0 Na6 12. Qb3 Bxc3 13. bxc3 Rb6 14. Qc2 Nd5 15. c4 Nxe3 16. fxe3 Qe7 17. Rae1 Nb4 18. Qb3 Nd5 19. Qd1 Nxe3 20. Qd3 Re8 21. Rf2 Re6 22. h3 c6 23. Rfe2 Nf5 24. Re5 g6 25. Rxe6 fxe6 26. c5 Nh4 27. Ne5 Qg5 28. Qe4 Rd8 29. Ng4 Re8 30. Rf1 Nf5 31. Qe5 Kf7 32. Rb1 Re7 33. Qh8 e5 34. Nxe5+ Ke6 35. Qg8+ Kf6 36. Ng4+ 1-0

[Event "Titled Tuesday intern op 11th Feb Early"]
[Site "Chess.com INT"]
[Date "2025.02.11"]
[Round "4"]
[White "Koutlas, Nikolaos"]
[Black "Lam, Paul GM"]
[Result "0-1"]
[WhiteElo "2369"]
[BlackElo "2110"]
[PlyCount "64"]
[EventDate "2025.02.11"]
[EventType "swiss (blitz)"]
[EventRounds "11"]
[EventCountry "USA"]
[SourceTitle "CB09_2025"]
[SourceDate "2025.02.27"]
[SourceVersion "1"]
[SourceVersionDate "2025.02.27"]
[SourceQuality "1"]

1. Nf3 Nc6 2. c4 e5 3. Nc3 f5 4. d4 e4 5. Ng5 Nf6 6. g3 h6 7. Nh3 g5 8. Bg2 Bg7 9. 0-0 0-0 10. f3 exf3 11. exf3 d6 12. Nf2 f4 13. g4 Nh7 14. d5 Ne5 15. Qe2 h5 16. gxh5 Nf6 17. Bh3 Nxh5 18. Kh1 Qf6 19. Rg1 Qh6 20. Bxc8 Raxc8 21. Nce4 Nf7 22. Ng4 Qh7 23. Qg2 Rce8 24. Bd2 Rxe4 25. Qh3 Rxc4 26. Bc3 Ng3+ 27. Rxg3 fxg3 28. Qxg3 Qh4 29. Qg2 Bxc3 30. bxc3 Rxg4 31. fxg4 Ne5 32. h3 Rf2 0-1

[Event "Titled Tuesday intern op 04th Feb Late"]
[Site "Chess.com INT"]
[Date "2025.02.04"]
[Round "1"]
[White "Harper, Horacio Guillermo"]
[Black "Koutlas, Nikolaos"]
[Result "0-1"]
[WhiteElo "2044"]
[BlackElo "2369"]
[PlyCount "52"]
[EventDate "2025.02.04"]
[EventType "swiss (blitz)"]
[EventRounds "11"]
[EventCountry "USA"]
[SourceTitle "CB07_2025"]
[SourceDate "2025.02.12"]
[SourceVersion "1"]
[SourceVersionDate "2025.02.12"]
[SourceQuality "1"]

1. d4 Nf6 2. c4 e6 3. g3 d5 4. Nf3 b6 5. cxd5 exd5 6. Bg2 h6 7. 0-0 Bd6 8. Nc3 0-0 9. Nb5 Re8 10. Nxd6 cxd6 11. Bf4 Ne4 12. Rc1 Nd7 13. Nd2 Ndf6 14. Nxe4 dxe4 15. Qc2 Nd5 16. Bxe4 Nxf4 17. gxf4 Bh3 18. Rfe1 d5 19. Bf3 Qh4 20. e3 Rad8 21. Qc6 Re6 22. Qc7 Rg6+ 23. Kh1 Rc8 24. Qxc8+ Bxc8 25. Rxc8+ Kh7 26. Re2 Qh3 0-1

[Event "Titled Tuesday intern op 21st Jan Late"]
[Site "Chess.com INT"]
[Date "2025.01.21"]
[Round "3"]
[White "Koutlas, Nikolaos"]
[Black "Bustamante, Oscar"]
[Result "1-0"]
[WhiteElo "2369"]
[BlackElo "2038"]
[PlyCount "105"]
[EventDate "2025.01.21"]
[EventType "swiss (blitz)"]
[EventRounds "11"]
[EventCountry "USA"]
[SourceTitle "CB05_2025"]
[SourceDate "2025.01.29"]
[SourceVersion "1"]
[SourceVersionDate "2025.01.29"]
[SourceQuality "1"]

1. d4 d6 2. e4 Nd7 3. Bd3 e5 4. c3 Ngf6 5. Ne2 g6 6. 0-0 Bg7 7. Kh1 0-0 8. f4 exd4 9. cxd4 c5 10. d5 c4 11. Bc2 Nc5 12. Nbc3 Re8 13. Ng3 Bg4 14. Qd2 b5 15. h3 b4 16. Na4 Nxa4 17. Bxa4 Bd7 18. Qxb4 Nxe4 19. Nxe4 Rxe4 20. Bc2 Re2 21. Qxc4 Qe8 22. Bd3 Bxb2 23. Bxe2 Bxa1 24. Ba3 Bg7 25. Bxd6 Rc8 26. Qa6 Qe4 27. Bf3 Qd4 28. Rd1 Qb6 29. Qxb6 axb6 30. Be5 f6 31. Bd4 Bh6 32. g3 Kf7 33. Bxb6 Rc2 34. Bg4 Bxg4 35. hxg4 Bf8 36. d6 Rb2 37. d7 Be7 38. d8Q Bxd8 39. Bxd8 Rxa2 40. Bb6 Rb2 41. Bd4 Re2 42. Kg1 h5 43. gxh5 gxh5 44. Bf2 Kg6 45. Re1 Rb2 46. Kg2 Kf5 47. Kf3 Rb3+ 48. Re3 Rb2 49. Rd3 Kg6 50. Be3 Rb1 51. Rd5 Rf1+ 52. Kg2 Re1 53. f5+ 1-0

[Event "Titled Tuesday intern op 21st Jan Late"]
[Site "Chess.com INT"]
[Date "2025.01.21"]
[Round "7"]
[White "Koutlas, Nikolaos"]
[Black "Calderon, Zachary"]
[Result "1/2-1/2"]
[WhiteElo "2369"]
[BlackElo "2027"]
[PlyCount "129"]
[EventDate "2025.01.21"]
[EventType "swiss (blitz)"]
[EventRounds "11"]
[EventCountry "USA"]
[SourceTitle "CB05_2025"]
[SourceDate "2025.01.29"]
[SourceVersion "1"]
[SourceVersionDate "2025.01.29"]
[SourceQuality "1"]

1. e4 e6 2. d4 d5 3. Nd2 Nc6 4. Ngf3 Nf6 5. e5 Nd7 6. c3 f6 7. exf6 Qxf6 8. Bd3 Bd6 9. Qe2 0-0 10. Nf1 b6 11. Ng3 Bb7 12. Nh5 Qe7 13. Bg5 Qf7 14. Ng3 e5 15. dxe5 Ndxe5 16. Nxe5 Nxe5 17. Bf5 Rae8 18. 0-0-0 g6 19. Bh3 Nc4 20. Qc2 Qxf2 21. Rhf1 Qxc2+ 22. Kxc2 Rxf1 23. Rxf1 Bxg3 24. hxg3 Ne3+ 25. Bxe3 Rxe3 26. Kd2 Rd3+ 27. Kxd3 Ba6+ 28. Kd4 Bxf1 29. Kxd5 Bb5 30. Ke6 Bc4+ 31. Kd7 Bxa2 32. Kxc7 Bd5 33. Kb8 a5 34. Kc7 b5 35. Kb6 b4 36. Kxa5 bxc3 37. bxc3 Kf7 38. Kb4 Kf6 39. c4 Be4 40. c5 g5 41. Ka5 h5 42. Bd7 Bxg2 43. c6 Bxc6 44. Bxc6 g4 45. Bd5 h4 46. gxh4 Kg6 47. Bg2 Kh7 48. Kb4 Kh8 49. Kc4 Kg8 50. Kd4 Kh8 51. Ke4 Kg8 52. Kf4 Kh8 53. Bd5 Kh7 54. Be4+ Kh8 55. h5 Kg8 56. h6 Kh8 57. Kg5 Kg8 58. Kf6 Kh8 59. Bd5 g3 60. Kg5 g2 61. Bxg2 Kg8 62. Bd5+ Kh8 63. Bf7 Kh7 64. Kh5 Kh8 65. Kg6 1/2-1/2

[Event "Titled Tuesday intern op 21st Jan Late"]
[Site "Chess.com INT"]
[Date "2025.01.21"]
[Round "6"]
[White "Lukachewski Junior, Wanderlei"]
[Black "Koutlas, Nikolaos"]
[Result "1/2-1/2"]
[WhiteElo "2049"]
[BlackElo "2369"]
[PlyCount "81"]
[EventDate "2025.01.21"]
[EventType "swiss (blitz)"]
[EventRounds "11"]
[EventCountry "USA"]
[SourceTitle "CB05_2025"]
[SourceDate "2025.01.29"]
[SourceVersion "1"]
[SourceVersionDate "2025.01.29"]
[SourceQuality "1"]

1. d4 Nf6 2. c4 e6 3. Nf3 d5 4. Nc3 h6 5. cxd5 exd5 6. Bf4 Bd6 7. Bxd6 Qxd6 8. e3 0-0 9. Bd3 Qe7 10. 0-0 c6 11. Rb1 Nbd7 12. Qc2 Nb6 13. Ne5 a5 14. a3 Ng4 15. Nxg4 Bxg4 16. b4 Nc8 17. h3 Be6 18. Bf5 Nd6 19. Bxe6 Qxe6 20. Na4 Nc4 21. Nc5 Qe7 22. Rb3 axb4 23. axb4 b5 24. Re1 Ra7 25. e4 dxe4 26. Rxe4 Qf6 27. Rf3 Qd6 28. Ref4 g5 29. Ne4 Qg6 30. Rf5 Nd6 31. Nxd6 Qxd6 32. g3 Qxd4 33. Rf6 Kg7 34. Qxc6 Ra1+ 35. Kg2 Qd1 36. Rxf7+ Rxf7 37. Qc3+ Kg8 38. Qc8+ Kg7 39. Qc3+ Kg6 40. Qc6+ Kg7 41. Qc3+ 1/2-1/2

[Event "Titled Tuesday intern op 21st Jan Late"]
[Site "Chess.com INT"]
[Date "2025.01.21"]
[Round "1"]
[White "Mora Velasco, Alma Jaqueline"]
[Black "Koutlas, Nikolaos"]
[Result "0-1"]
[WhiteElo "1884"]
[BlackElo "2369"]
[PlyCount "44"]
[EventDate "2025.01.21"]
[EventType "swiss (blitz)"]
[EventRounds "11"]
[EventCountry "USA"]
[SourceTitle "CB05_2025"]
[SourceDate "2025.01.29"]
[SourceVersion "1"]
[SourceVersionDate "2025.01.29"]
[SourceQuality "1"]

1. e4 e5 2. Nf3 Nc6 3. Bc4 Nf6 4. Ng5 d5 5. exd5 Na5 6. Bb5+ c6 7. dxc6 bxc6 8. Bd3 Nd5 9. Nf3 Bd6 10. 0-0 0-0 11. Re1 Re8 12. h3 f5 13. Bf1 e4 14. Nd4 Qf6 15. Nb3 Nxb3 16. axb3 Qe5 17. g3 Bc5 18. d4 Bxd4 19. Kg2 f4 20. c3 f3+ 21. Kh1 Bxf2 22. Be3 Nxe3 0-1

[Event "EU-Cup 39th"]
[Site "Vrnjacka Banja"]
[Date "2024.10.22"]
[Round "3.6"]
[White "Antal, Gergely"]
[Black "Koutlas, Nikolaos"]
[Result "1-0"]
[WhiteElo "2545"]
[BlackElo "2349"]
[PlyCount "85"]
[EventDate "2024.10.20"]
[EventType "team-swiss"]
[EventRounds "7"]
[EventCountry "SRB"]
[SourceTitle "CB44_2024"]
[Source "Chessbase"]
[SourceDate "2024.10.30"]
[SourceVersion "1"]
[SourceVersionDate "2024.10.30"]
[SourceQuality "1"]
[WhiteTeam "Nagykanizsa Tuxera"]
[BlackTeam "Kavala"]
[WhiteTeamCountry "HUN"]
[BlackTeamCountry "GRE"]

1. e4 e5 2. Nf3 Nc6 3. Bc4 Nf6 4. d3 Bc5 5. Nc3 a6 6. a4 d6 7. h3 h6 8. Be3 Nd4 9. 0-0 0-0 10. Bxd4 exd4 11. Ne2 d5 12. exd5 Nxd5 13. Nexd4 Bxh3 14. gxh3 Nf4 15. Ne2 Nxh3+ 16. Kg2 Qc8 17. Ne5 Qf5 18. d4 Rad8 19. Qd3 Nf4+ 20. Nxf4 Qxf4 21. c3 Bxd4 22. cxd4 Rxd4 23. Qe3 Rxc4 24. Nxc4 Qxc4 25. Rfd1 c5 26. b3 Qb4 27. Qf3 c4 28. bxc4 Qxc4 29. a5 Qc7 30. Rdb1 Qe5 31. Ra4 Qg5+ 32. Kh1 Re8 33. Rg1 Qe5 34. Rg3 g6 35. Ra3 Rd8 36. Kg2 Qe1 37. Re3 Qxa5 38. Re7 Rf8 39. Qxb7 Qf5 40. Qe4 Qf6 41. Rc7 Rd8 42. Rc6 Rd6 43. Qe8+ 1-0

[Event "Titled Tuesday intern op 17th Sep Early"]
[Site "Chess,com INT"]
[Date "2024.09.17"]
[Round "2"]
[White "Koutlas, Nikolaos"]
[Black "Fayard, Alain"]
[Result "1-0"]
[WhiteElo "2319"]
[BlackElo "2153"]
[PlyCount "39"]
[EventDate "2024.09.17"]
[EventType "swiss (blitz)"]
[EventRounds "11"]
[EventCountry "USA"]
[SourceTitle "EXT 2025"]
[Source "ChessBase"]
[SourceDate "2024.10.14"]
[SourceVersion "1"]
[SourceVersionDate "2024.10.14"]
[SourceQuality "1"]

1. Nf3 d5 2. c4 e6 3. e3 Nf6 4. Nc3 Be7 5. b3 0-0 6. Bb2 Nbd7 7. d4 c6 8. Bd3 b6 9. 0-0 Bb7 10. Rc1 c5 11. cxd5 exd5 12. dxc5 Nxc5 13. Bb1 Nce4 14. Nxe4 dxe4 15. Nd4 a6 16. Nf5 Bc5 17. Qe2 a5 18. Rfd1 Qe8 19. Bxf6 Ba6 20. Qg4 1-0

[Event "Titled Tuesday intern op 03rd Sep Late"]
[Site "Chess.com INT"]
[Date "2024.09.03"]
[Round "2"]
[White "Amburgy, Ryan"]
[Black "Koutlas, Nikolaos"]
[Result "1-0"]
[WhiteElo "2221"]
[BlackElo "2319"]
[PlyCount "55"]
[EventDate "2024.09.03"]
[EventType "swiss (blitz)"]
[EventRounds "11"]
[EventCountry "USA"]
[SourceTitle "EXT 2025"]
[Source "ChessBase"]
[SourceDate "2024.10.14"]
[SourceVersion "1"]
[SourceVersionDate "2024.10.14"]
[SourceQuality "1"]

1. d4 d5 2. c4 e6 3. Nc3 Nf6 4. Nf3 c6 5. g3 dxc4 6. Bg2 b5 7. 0-0 Bb7 8. Ne5 a6 9. a4 Nd5 10. axb5 cxb5 11. Nxd5 Bxd5 12. e4 Bb7 13. d5 Bd6 14. dxe6 Bxe5 15. exf7+ Ke7 16. Qh5 Nd7 17. Bg5+ Nf6 18. Rad1 Qf8 19. Bh4 Qb8 20. f4 Bxb2 21. e5 Bxg2 22. exf6+ Bxf6 23. Rfe1+ Kf8 24. Re8+ Qxe8 25. fxe8R+ Rxe8 26. Bxf6 gxf6 27. Rd7 Re7 28. Qc5 1-0

[Event "Titled Tuesday intern op 03rd Sep Late"]
[Site "Chess.com INT"]
[Date "2024.09.03"]
[Round "3"]
[White "Koutlas, Nikolaos"]
[Black "Chemin, Justo Reinaldo"]
[Result "1-0"]
[WhiteElo "2319"]
[BlackElo "2040"]
[PlyCount "51"]
[EventDate "2024.09.03"]
[EventType "swiss (blitz)"]
[EventRounds "11"]
[EventCountry "USA"]
[SourceTitle "EXT 2025"]
[Source "ChessBase"]
[SourceDate "2024.10.14"]
[SourceVersion "1"]
[SourceVersionDate "2024.10.14"]
[SourceQuality "1"]

1. c4 e6 2. Nf3 d5 3. e3 Nf6 4. Nc3 a6 5. b3 b6 6. Bb2 Bb7 7. cxd5 exd5 8. d4 Be7 9. Bd3 0-0 10. 0-0 Nbd7 11. Ne2 Ne4 12. Rc1 Bd6 13. Ne5 Bxe5 14. dxe5 Ndc5 15. Bb1 Ne6 16. f3 N4c5 17. b4 Nd7 18. f4 g6 19. f5 gxf5 20. Rxf5 Ng7 21. Nf4 Nxf5 22. Bxf5 f6 23. Qg4+ Kh8 24. Bxd7 fxe5 25. Bxe5+ Rf6 26. Nh5 1-0

[Event "Titled Tuesday intern op 03rd Sep Late"]
[Site "Chess.com INT"]
[Date "2024.09.03"]
[Round "11"]
[White "Koutlas, Nikolaos"]
[Black "Yunker, Alisa Genrietta"]
[Result "0-1"]
[WhiteElo "2319"]
[BlackElo "1872"]
[PlyCount "72"]
[EventDate "2024.09.03"]
[EventType "swiss (blitz)"]
[EventRounds "11"]
[EventCountry "USA"]
[SourceTitle "EXT 2025"]
[Source "ChessBase"]
[SourceDate "2024.10.14"]
[SourceVersion "1"]
[SourceVersionDate "2024.10.14"]
[SourceQuality "1"]

1. d4 d5 2. Nc3 Nf6 3. Bf4 c5 4. e4 dxe4 5. dxc5 Qa5 6. Qd4 Nc6 7. Bb5 Bd7 8. Qa4 Qxa4 9. Bxa4 e6 10. Nb5 Nd5 11. Bd6 a6 12. Na3 Bxd6 13. cxd6 Nd4 14. Bxd7+ Kxd7 15. 0-0-0 Nc6 16. Nh3 b5 17. Ng5 f5 18. c4 bxc4 19. Nxc4 Rhc8 20. Kb1 Rab8 21. Rc1 h6 22. Nf7 Nf4 23. f3 Nd3 24. Rc3 Rb4 25. fxe4 fxe4 26. a3 Rb5 27. Rf1 Rcb8 28. Rc2 Nd4 29. Rd2 Kc6 30. Rxd3 exd3 31. Nfe5+ Kd5 32. d7 d2 33. Rd1 Nb3 34. Kc2 Nd4+ 35. Kd3 Rd8 36. Rxd2 Rb3# 0-1

[Event "EU-ch U18"]
[Site "Prague"]
[Date "2024.08.31"]
[Round "9"]
[White "Koutlas, Nikolaos"]
[Black "Loftgaard, Mikkel Vinh"]
[Result "1-0"]
[WhiteElo "2322"]
[BlackElo "2227"]
[PlyCount "67"]
[EventDate "2024.08.22"]
[EventType "swiss"]
[EventRounds "9"]
[EventCountry "CZE"]
[SourceTitle "CBM 221 Extra"]
[Source "ChessBase"]
[SourceDate "2024.09.30"]
[SourceVersion "1"]
[SourceVersionDate "2024.09.30"]
[SourceQuality "1"]

1. e4 c5 2. Nf3 Nc6 3. Bc4 e6 4. 0-0 d6 5. Re1 Nf6 6. d3 Be7 7. c3 0-0 8. Bb3 e5 9. h3 h6 10. d4 cxd4 11. cxd4 exd4 12. Nxd4 Nxd4 13. Qxd4 Nd7 14. Nc3 Nc5 15. Bc2 Bf6 16. Qd1 Be6 17. Qh5 Bxc3 18. bxc3 Qf6 19. Re3 Qe5 20. Qe2 Rfe8 21. Rg3 Kh8 22. Be3 Nxe4 23. Bxe4 Qxe4 24. Rxg7 Rg8 25. Rxg8+ Kxg8 26. Rd1 Kh7 27. Rd4 Qb1+ 28. Kh2 Rg8 29. Qf3 Rg6 30. g4 Qb5 31. Rxd6 Qe5+ 32. Bf4 Qa5 33. Qxb7 Qxc3 34. Rxe6 1-0